000
00261nam a22001097a 4500
082
_a
694 DUR'F
100
_a
DURBAHN, WALTER E
_9
45479
245
_a
FUNDAMENTALS OF CARPENTRY PRACTICAL CONSTRUCTION
250
_a
VOL-2
260
_a
USA
_b
ATS
_c
1956
942
_c
BK
999
_c
568359
_d
568359